000 00714nam a22002057a 4500
005 20260511114846.0
008 260511b |||||||| |||| 00| 0 eng d
020 _a0071053883 Pbk. Bp.
040 _aMMSU
_cULS
_dULS
050 _aRM 315 P57 1992 CHS
100 _aPirodsky, Donald M.
245 _aClinical primer of psychopharmacology : a practical guide /
_cDonald M. Pirodsky, Jerry S. Cohn.
250 _aSecond edition.
260 _aNew York :
_bMcGraw-Hill, Inc.,
_c1992.
300 _axiii, 129 pages :
_billustrations ;
_c20 cm.
500 _aIncludes index.
650 _aPsychotropic drugs-- Handbooks, manuals, etc.
650 _aPsychopharmacology--Handbooks, manuals, etc.
942 _2lcc
_cBK
999 _c29138
_d29138